| 000 | 00827nam a2200181Ia 4500 | ||
|---|---|---|---|
| 008 | 090711s9999 xx 000 0 und d | ||
| 082 | _b1345 | ||
| 100 | _aबSोंद्री पाल | ||
| 245 | _aएव्हरेस्टमाझ्या जीवनातील अत्युSSा शिखर | ||
| 260 |
_b"नॅशनल बुक ट्रस्ट, इंडिया" _c1996 |
||
| 300 | _a64 | ||
| 600 | _aबSोंद्री पाल | ||
| 630 | _aएव्हरेस्टमाझ्या जीवनातील अत्युSSा शिखर | ||
| 700 | _aनित्सुरे सुजला | ||
| 700 | _aबSोंद्री पाल | ||
| 730 | _aएव्हरेस्टमाझ्या जीवनातील अत्युSSा शिखर | ||
| 942 | _cBOOK | ||
| 999 |
_c324836 _d324836 |
||